1385 1857 1549 1113 1136 1325 1638 1377 1768 1868 1488 1743 1506 1575 1629 1909 1562 1607 1667 1213 1650 1310 1067 1253 1810 1844 1721 1961 1874 1336 1423 1517 1009 1095 1846 1479 1848 1784 1476 1750 1158 1583 1180 1105 1079 1556 1686 1486 1197 1371 1890 1538 1639 1653 1359 1400 1998 1396 1527 1230 1943 1107 1860 1324 1174 1099 1546 1803 1959 1299 1859 1835 1683 1033 1732 1817 1050 1303 1518 1967 1322 1757 1703 1052 1015 1980 1050 1731 1043 1944 1028 1450 1684 1990 1379 1895 1021 1570 1211 BCNSPRNW ULIB Ver.6.0+V

เปลี่ยนเป็นภาษาไทย

Change to English
 แสดงรายละเอียดบรรณานุกรม
  กลับหน้าหลัก

Brief Record : Get Marc (ISO 2709) : E-mail record : QR code < ปิดหน้าต่าง
LEADER : 00000nam 2200000uu 4500
001    13399120050
003     ULIB
008    020711s2552 th a 000 0 tha d
020    9786117057137
090    นว.^bฟ367ส
100    ฟ้าใส ไอรดา
245    สุดผืนทราย..ปลายทางแห่งรัก /^cฟ้าใส ไอรดา
260     กรุงเทพฯ^bSimply Book - Love Novels.,^c2552
300    182 หน้า
945    ^p150^l0^i15825
999    ^aทศพร เกษรทอง
รายการนี้ยังไม่มีแท็ก
คุณยังไม่ได้ล็อกอิน คุณสามารถมีกิจกรรมร่วมกับเว็บไซต์ได้ แต่ต้องล็อกอินก่อน ::
  ล็อกอิน

รายการสื่อสารสนเทศ

ลำดับที่ ประเภท เลขเรียก/บาร์โค้ด สถานที่ สถานะ
1. นวนิยาย
นวนิยาย
นว. ฟ367ส ฉ.1 
  Barcode: 15825
ห้องสมุดวิทยาเขตสวรรค์ประชารักษ์
►นวนิยาย
บนชั้น
  ขอยืม

รายการใกล้เคียง
    ผู้แต่ง [ฟ้าใส ไอรดา]

BibComment


ยังไม่เคยถูกคอมเมนท์

คอมเมนท์ทรัพยากรรายการนี้
  คอมเมนท์: สุดผืนทรายปลายทาง..


 Copyright 2026. Bcnsprnw @Library